| 000 | 00413nam a2200157Ia 4500 | ||
|---|---|---|---|
| 008 | 160316s9999 xxu||||| |||| 00| 0 eng d | ||
| 082 |
_a344.013400 _bSIN |
||
| 100 | _aSinha Pooja | ||
| 245 | _aThe WTO, the social clause and labour standards focus on child labour | ||
| 250 | _a | ||
| 260 |
_a _b _c0 |
||
| 300 |
_a70 _b _c |
||
| 365 | _b | ||
| 650 | _a1. WTO 2. child labour 3. labour standards | ||
| 700 |
_a _a |
||
| 999 |
_c33669 _d33669 |
||